000 00764nam a2200265Ia 4500
003 OSt
005 20220918223100.0
006 a|||||r|||| 00| 0
007 ta
008 220917b |||||||| |||| 00| 0 eng d
024 _a220,254
037 _cTextual
040 _aARTS
_cARTS
_beng
041 _2eng
_aeng
082 _aZ1,215, L9
100 _aGonigle R Micheal
_9144853
245 0 _aPollution politics and international law
260 _aBerkeley
_bColumbia Press
_c1979
300 _axviii,392p.
_ccm.
490 _aScience,technology and the changing world order; 2
650 _aLAW
_97240
700 _a Zacher Mark W
_997142
942 _hZ1,215, L9
_cTEXL
_2CC
999 _c277387
_d277387